000
00215 a2200097 4500
001
7899
100
_a
Ahmad, G
245
_a
Pakistan meets Indian challenge
260
_a
_b
Al-Mukhtar (Pak)
_c
090
_c
6342
_d
6342
942
_a
NUST-CAE
_c
M
_c
32870
999
_c
242972
_d
242972